| 000 | 01774cam a22004814i 4500 | ||
|---|---|---|---|
| 003 | PE-LiUPU | ||
| 005 | 20250731173335.0 | ||
| 008 | 150706s r 000 0 d | ||
| 020 | _a0385246935 | ||
| 035 | _a(Sirsi) i9780385246934 | ||
| 040 |
_aPE-LiUPU _bspa _cPE-LiUPU _erda |
||
| 049 | _aPRUA | ||
| 082 | 0 | 4 |
_a220.7 _bAB2006 _221 |
| 100 | 1 |
_aPropp, William H. C., _eautor. |
|
| 245 | 1 | 0 |
_aExodus 19-40 : _ba new traslation with introduction and commentary / _cWilliam H. C. Propp. |
| 264 | 1 |
_aNew York : _bDoubleday, _c2006. |
|
| 300 |
_a865 páginas ; _c24 centímetros |
||
| 336 |
_atext _2rdacontent |
||
| 337 |
_aunmediated _2rdamedia |
||
| 338 |
_avolume _2rdacarrier |
||
| 490 | 0 |
_aThe Anchor Bible ; _v2A |
|
| 504 | _aIncluye bibliografía. | ||
| 505 | 0 | _aThe first covenant (Exodus 19-24) -- The tabernacle directions (Exodus 25-31) -- The convenant broken and restored (Exodus 32-34) -- Building the tabernacle (Exodus 35-40). | |
| 526 | _aSEG42 | ||
| 526 | _aSEG41 | ||
| 526 | _aSEG40 | ||
| 526 | _aSEG39 | ||
| 526 | _aP94 | ||
| 526 | _aP87 | ||
| 526 | _aP86 | ||
| 526 | _aP85 | ||
| 526 | _aP77 | ||
| 526 | _aP76 | ||
| 526 | _aP35 | ||
| 541 | _g104-3776787-4588217; | ||
| 630 |
_aBiblia. _pA.T. _pExodo _xCommentarios. |
||
| 910 |
_agl _bjv _clch _d20090803 |
||
| 942 |
_2ddc _cBOOK |
||
| 949 |
_a220.7 AB 2A 2006 _wDEWEY _c1 _i59768 _lCCODEBUL1 _mBUL _p32.00 _r0 _sY _tBOOK _u2015-7-6 _xTEOLOGIA _zUNKNOWN _0COMPRA _o.STAFF. Colección General |
||
| 994 |
_aC0 _bPEPRU |
||
| 596 | _a1 | ||
| 999 |
_a220.7 AB 2A 2006 _wDEWEY _c49301 _i59768 _d49301 _f2021-11-9 _g5 _lCCODEBUL1 _mBUL _p32.00 _q1 _r0 _sY _tBOOK _u2015-7-6 _xTEOLOGIA _zUNKNOWN _0COMPRA _o.STAFF. Colección General |
||
| 980 |
_81 _gALBERTO SANCHEZ Responsable de Automatización |
||